000 00835nmc a2200289 a 4500
003 AR-BaBNM
005 20251128202728.0
008 247019s1973 ||||||||||||||000 | spa||
040 _cAR-BaBNM
100 1 _aFerns, H.S.
245 1 0 _aLa Argentina
_bintroducción histórica a sus problemas actuales
250 _a2ª ed.
260 _aBuenos Aires
_bSudamericana
_c1973
300 0 _a365 p.
490 0 _aPerspectivas
500 0 _aContiene índice de nombres p. 351-363
500 0 _aApéndice p. 350
600 1 4 _aPerón, Juan Domingo
_d1946-1951
600 1 4 _aOnganía, Juan Carlos
_d1966-1970
650 4 _aHISTORIA DE LAS IDEAS
650 4 _aDEMOCRACIA
650 4 _aHISTORIA SOCIAL
650 4 _aREVOLUCION DE SETIEMBRE DE 1955
700 1 _aGarcía, Fernando Lida
_etraductor
942 _cBK
998 _cmariana
999 _c290
_d290